La guerre des âges (notice n° 2016966)

détails MARC
000 -LEADER
fixed length control field 02117cam a2200157 4500500
005 - DATE AND TIME OF LATEST TRANSACTION
control field 20260329064737.0
041 ## - LANGUAGE CODE
Language code of text/sound track or separate title fre
042 ## - AUTHENTICATION CODE
Authentication code dc
100 10 - MAIN ENTRY--PERSONAL NAME
Personal name Pellissier, Jérôme
Relator term author
245 00 - TITLE STATEMENT
Title La guerre des âges
260 ## - PUBLICATION, DISTRIBUTION, ETC.
Name of publisher, distributor, etc. Armand Colin,<br/>
Date of publication, distribution, etc. 2007.<br/>
520 ## - SUMMARY, ETC.
Summary, etc. Il manquait à notre XXIe siècle débutant de solides boucs émissaires de ses doutes et angoisses. On nous les a enfin trouvés: ce sont les seniors, les papy-boomers, les vieux… Qu’importe le mot, pourvu qu’on désigne les coupables: ces millions d’individus dont la «marée grise» déferle sur la France&amp;#8239;!Des millions de boucs émissaires auxquels nous pouvons faire porter tous les poids: celui des déséquilibres démographiques, celui du chômage, celui de l’effondrement de nos systèmes de retraite et de santé. Des millions de boucs émissaires que nous pouvons accuser de tous les maux: de s’accrocher au pouvoir, de capter les richesses, de faire régner le conservatisme… Bref, d’empêcher la France de poursuivre sa course sur la voix libérale et sucrée du «progrès».D’aucuns en viennent même à appeler les jeunes à se révolter, à refuser de payer pour les générations aînées, bref, à déclarer la guerre.La guerre des âges aura-t-elle lieu&amp;#8239;? Et si, en fait, elle avait commencé, souterrainement, depuis plusieurs décennies&amp;#8239;? Et s’il n’était que temps de dénoncer cette dramatique imposture qui pousse au meurtre social de millions d’entre nous et mène à casser les logiques de solidarité et de transmission générationnelle sans lesquelles un pays n’est plus qu’un vaste supermarché de consommateurs déshumanisés&amp;#8239;?Jérôme Pellissier, écrivain et chercheur, est l’auteur de La nuit, tous les vieux sont gris (2003) et de Humanitude (avec Yves Gineste, 2005, 2007).Postface de Pierre Pfitzenmeyer, professeur de gérontologie.
700 10 - ADDED ENTRY--PERSONAL NAME
Personal name Pfitzenmeyer, Pierre
Relator term author
700 10 - ADDED ENTRY--PERSONAL NAME
Personal name Pellissier, Juliette
Relator term author
856 41 - ELECTRONIC LOCATION AND ACCESS
Uniform Resource Identifier <a href="https://shs.cairn.info/la-guerre-des-ages--9782200347697?lang=fr&redirect-ssocas=7080">https://shs.cairn.info/la-guerre-des-ages--9782200347697?lang=fr&redirect-ssocas=7080</a>

Pas d'exemplaire disponible.

PLUDOC

PLUDOC est la plateforme unique et centralisée de gestion des bibliothèques physiques et numériques de Guinée administré par le CEDUST. Elle est la plus grande base de données de ressources documentaires pour les Étudiants, Enseignants chercheurs et Chercheurs de Guinée.

Adresse

627 919 101/664 919 101

25 boulevard du commerce
Kaloum, Conakry, Guinée

Réseaux sociaux

Powered by Netsen Group @ 2025